000
00290 a2200145 4500
001
165503
020
_a
040
_c
Magnum
100
_a
Howard, Walter
240
1
0
_a
A musica e a crianca
_l
por
245
1
0
_a
A musica e a crianca
362
0
_a
1899
697
_a
MUSICA
942
_c
BK
999
_c
165503
_d
165503